Το εργατικό ζήτημα: η σύνθεση της εργατικής τάξης στην Ελλάδα και η συνδικαλιστική της εκπροσώπηση

Αποθηκεύτηκε σε:
Λεπτομέρειες βιβλιογραφικής εγγραφής
Κύριος συγγραφέας: Καστορίδας, Δημήτριος Α.
Μορφή: Βιβλίο
Γλώσσα:Greek
Δημοσίευση: Αήνα: ΙΝΕ Ινστιτούτο Εργασίας Γ.Σ.Ε.Ε., [2021]
Θέματα:
Ετικέτες: Προσθήκη ετικέτας
Δεν υπάρχουν, Καταχωρήστε ετικέτα πρώτοι!

MARC

LEADER 00000cam a2200000 a 4500
001 1/125274
008 220826q202?####gr | ||| |||| ||gre||
020 |a 9786185483319 
040 |a GR-MyUa  |b gre  |c GR-MyUa  |e AACR2 
041 0 |a gre 
082 7 |a 305.56  |2 (23) 
100 1 |a Καστορίδας, Δημήτριος Α. 
245 1 3 |a Το εργατικό ζήτημα:   |b η σύνθεση της εργατικής τάξης στην Ελλάδα και η συνδικαλιστική της εκπροσώπηση /   |c Δημήτρης Α. Καστορίδας.  
260 |a Αήνα:   |b ΙΝΕ Ινστιτούτο Εργασίας Γ.Σ.Ε.Ε.,  |c [2021]  
300 |a 346 σ. :   |b εικ., πιν.,   |c 24 εκ.  
504 |a Βιβλιογραφία: σ.325-343.  
650 0 |a Labor and laboring classes   |z Greece. 
650 0 |a Labor classes  |z Greece. 
650 0 |a Working class  |z Greece. 
650 0 |a Syndicalism  |z Greece. 
970 |a Σιδερή   |b Νεκταρία   |z 2022/08/26